| 000 | 00456nam a22001457a 4500 | ||
|---|---|---|---|
| 008 | 140128b xxu||||| |||| 00| 0 eng d | ||
| 020 | _a0-232-52567-6 | ||
| 050 | _aBX2170.L4H566 2005 | ||
| 100 |
_aHerrick, Vanessa _97121 |
||
| 245 |
_aTake up your Cross _bDaily readings for Lent _cVanessa Herrick |
||
| 260 |
_aLondon _bDarton, LLongman and Todd _c2005 |
||
| 300 |
_axviii, 139p. ; _c21cm. |
||
| 650 |
_aLent _xmeditations _97122 |
||
| 942 |
_2lcc _cMONOGRAPH |
||
| 999 |
_c119714 _d119714 |
||